<?xml version="1.0" encoding="UTF-8"?>
<record
    xmlns:xsi="http://www.w3.org/2001/XMLSchema-instance"
    xsi:schemaLocation="http://www.loc.gov/MARC21/slim http://www.loc.gov/standards/marcxml/schema/MARC21slim.xsd"
    xmlns="http://www.loc.gov/MARC21/slim">

  <leader>03862nam a2200541Ia 4500</leader>
  <controlfield tag="001">1671</controlfield>
  <controlfield tag="008">241029s9999    xx            000 0 und d</controlfield>
  <datafield tag="010" ind1=" " ind2=" ">
    <subfield code="a">1562</subfield>
  </datafield>
  <datafield tag="041" ind1=" " ind2=" ">
    <subfield code="a">Espa&#xF1;ol</subfield>
  </datafield>
  <datafield tag="082" ind1=" " ind2=" ">
    <subfield code="a">UNICA MAEST 011 2002</subfield>
  </datafield>
  <datafield tag="245" ind1=" " ind2="0">
    <subfield code="a">Estudio sobre la situaci&#xF3;n y perspectivas de los postgrados en la Rep&#xFA;blica Dominicana</subfield>
  </datafield>
  <datafield tag="260" ind1=" " ind2=" ">
    <subfield code="a">Santo Domingo</subfield>
  </datafield>
  <datafield tag="300" ind1=" " ind2=" ">
    <subfield code="a">116</subfield>
  </datafield>
  <datafield tag="520" ind1=" " ind2=" ">
    <subfield code="a">29</subfield>
  </datafield>
  <datafield tag="630" ind1=" " ind2=" ">
    <subfield code="a">Formaci&#xF3;n Continuada</subfield>
  </datafield>
  <datafield tag="630" ind1=" " ind2=" ">
    <subfield code="a">Funciones</subfield>
  </datafield>
  <datafield tag="650" ind1=" " ind2=" ">
    <subfield code="a">Administraci&#xF3;n de la Educaci&#xF3;n</subfield>
  </datafield>
  <datafield tag="690" ind1=" " ind2=" ">
    <subfield code="a">Elaborado</subfield>
  </datafield>
  <datafield tag="700" ind1=" " ind2=" ">
    <subfield code="e">asesor</subfield>
    <subfield code="a">Tellerias, Jes&#xFA;s</subfield>
  </datafield>
  <datafield tag="700" ind1=" " ind2=" ">
    <subfield code="e">autor</subfield>
    <subfield code="a">Montilla, Esteban</subfield>
  </datafield>
  <datafield tag="700" ind1=" " ind2=" ">
    <subfield code="e">autor</subfield>
    <subfield code="a">D&#xED;az D&#xED;az, Ra&#xFA;l Parmenio</subfield>
  </datafield>
  <datafield tag="901" ind1=" " ind2=" ">
    <subfield code="a">{"1":"Montilla","2":"D&#xED;az D&#xED;az"}</subfield>
    <subfield code="b">{"1":"Esteban","2":"Ra&#xFA;l Parmenio"}</subfield>
  </datafield>
  <datafield tag="902" ind1=" " ind2=" ">
    <subfield code="a">1</subfield>
  </datafield>
  <datafield tag="903" ind1=" " ind2=" ">
    <subfield code="a">{"1":"Tellerias"}</subfield>
    <subfield code="b">{"1":"Jes&#xFA;s"}</subfield>
  </datafield>
  <datafield tag="904" ind1=" " ind2=" ">
    <subfield code="a">Maestr&#xED;a en</subfield>
  </datafield>
  <datafield tag="905" ind1=" " ind2=" ">
    <subfield code="a">Administraci&#xF3;n Educativa</subfield>
  </datafield>
  <datafield tag="906" ind1=" " ind2=" ">
    <subfield code="a">2</subfield>
  </datafield>
  <datafield tag="907" ind1=" " ind2=" ">
    <subfield code="a">NO APLICA</subfield>
  </datafield>
  <datafield tag="908" ind1=" " ind2=" ">
    <subfield code="a">NO APLICA</subfield>
  </datafield>
  <datafield tag="909" ind1=" " ind2=" ">
    <subfield code="a">Universidad Interamericana (UNICA)</subfield>
  </datafield>
  <datafield tag="910" ind1=" " ind2=" ">
    <subfield code="a">NULL</subfield>
    <subfield code="b">NULL</subfield>
  </datafield>
  <datafield tag="911" ind1=" " ind2=" ">
    <subfield code="a">["1"]</subfield>
  </datafield>
  <datafield tag="912" ind1=" " ind2=" ">
    <subfield code="a">NO APLICA</subfield>
  </datafield>
  <datafield tag="913" ind1=" " ind2=" ">
    <subfield code="a">NULL</subfield>
  </datafield>
  <datafield tag="914" ind1=" " ind2=" ">
    <subfield code="a">07 de Enero de 2002</subfield>
  </datafield>
  <datafield tag="915" ind1=" " ind2=" ">
    <subfield code="a">01/07/15 03:07</subfield>
  </datafield>
  <datafield tag="916" ind1=" " ind2=" ">
    <subfield code="a">NULL</subfield>
  </datafield>
  <datafield tag="917" ind1=" " ind2=" ">
    <subfield code="a">NULL</subfield>
  </datafield>
  <datafield tag="918" ind1=" " ind2=" ">
    <subfield code="a">NO APLICA</subfield>
  </datafield>
  <datafield tag="919" ind1=" " ind2=" ">
    <subfield code="a">["211","260"]</subfield>
  </datafield>
  <datafield tag="520" ind1=" " ind2=" ">
    <subfield code="a">La investigaci&#xF3;n plante&#xF3; como objetivos generales, identificar las variables que intervienen en la situaci&#xF3;n y perspectivas que presentan los Postgrados en la Rep&#xFA;blica Dominicana, identificar las instituciones docentes para relacionar las funciones acad&#xE9;micas, determinar la situaci&#xF3;n y perspectiva de los estudios de Postgrado que se vienen realizando en la Rep&#xFA;blica Dominicana en las principales universidades del pa&#xED;s.El estudio fue de tipo descriptivo a fin de describir la situaci&#xF3;n y perspectivas de los estudios de Postgrados. La poblaci&#xF3;n estuvo constituida por las universidades del pa&#xED;s que imparten postgrados, en total son 28 y se seleccion&#xF3; como muestra 11 universidades (UASD, UCSS,UNPHU, INTEC, PUCMM, UNICA, UNAPEC, UNIBE, UNIREMHOS, UTESA Y UCE). Para la selecci&#xF3;n de los estudiantes, que alcanzan un total de 2,488, se seleccion&#xF3; una porci&#xF3;n de 58.52% y una porci&#xF3;n por universidades de 5.32%. Las t&#xE9;cnicas de investigaci&#xF3;n fueron la entrevista, recopilaci&#xF3;n documental, documentos estad&#xED;sticos y cuestionario.Dentro de las principales conclusiones, la investigaci&#xF3;n destaca que los Postgrados en la Rep&#xFA;blica Dominicana tienen lugar verdaderamente despu&#xE9;s de la ca&#xED;da del r&#xE9;gimen de Rafael Leonidas Trujillo, y que, despu&#xE9;s de este hecho, se inici&#xF3; un proceso de desarrollo sostenido no tan amplio, pero constante, en las universidades, lo que indica que existe una perspectiva de desarrollo del Cuarto Nivel. Otro aspecto importante es la selecci&#xF3;n bibliogr&#xE1;fica para los estudios de Cuarto Nivel, los cuales no est&#xE1;n orientados en base a los criterios de actualizaci&#xF3;n, tampoco cuentan con los recursos f&#xED;sicos, materiales y financieros, ni con los medios ni equipos para la adecuada impartici&#xF3;n de los Postgrados. En cuanto al contenido de los programas de estudio de los Postgrados, estos orientan en perspectiva hacia combatir el bajo nivel acad&#xE9;mico de los egresados del Nivel Superior Universitario, lo cual se produce por la limitaci&#xF3;n de recursos financieros y por los profesores con baja formaci&#xF3;n pedag&#xF3;gica y cient&#xED;fica.La investigaci&#xF3;n sugiere que la Secretar&#xED;a de Educaci&#xF3;n Superior, Ciencia y Tecnolog&#xED;a, regule y autorice la formaci&#xF3;n y/o creaci&#xF3;n de los cursos y programas del Cuarto Nivel de Educaci&#xF3;n en todas las universidades; propiciar la bases educativas para una poblaci&#xF3;n de postgrado capaz de cumplir con los requerimientos de los postgrados: Maestr&#xED;as y Doctorados.</subfield>
  </datafield>
  <datafield tag="921" ind1=" " ind2=" ">
    <subfield code="a">11</subfield>
  </datafield>
  <datafield tag="922" ind1=" " ind2=" ">
    <subfield code="a">11</subfield>
  </datafield>
  <datafield tag="923" ind1=" " ind2=" ">
    <subfield code="a">0</subfield>
  </datafield>
  <datafield tag="924" ind1=" " ind2=" ">
    <subfield code="a">NO APLICA</subfield>
  </datafield>
  <datafield tag="942" ind1=" " ind2=" ">
    <subfield code="c">Tesis</subfield>
  </datafield>
  <datafield tag="999" ind1=" " ind2=" ">
    <subfield code="c">1562</subfield>
    <subfield code="d">1562</subfield>
  </datafield>
</record>
